|
|
|
|
| LEADER |
00000nab a2200000 a 4500 |
| 001 |
vtls000661345 |
| 003 |
SK-MaSNL |
| 005 |
20260304091026.0 |
| 008 |
250425c1998 xo 0 slo |
| 015 |
|
|
|a SNBRB1998/05-13057
|
| 035 |
|
|
|a CLN000013535
|
| 035 |
|
|
|a urn:nbn:sk:snk-ab34qy
|
| 035 |
|
|
|a (urnnbn)urn:nbn:sk:snk:ar-a05x37
|
| 035 |
|
|
|a (uuid)580e88e8-9d05-4274-9d97-4dec20154e40
|
| 040 |
|
|
|a SNKBUCL
|b slo
|c SNKBUCL
|e AACR2
|
| 041 |
0 |
|
|a slo
|b eng
|b slo
|
| 044 |
|
|
|a xo
|c SK
|
| 080 |
|
|
|a 616.2-008.64-053.2:615.23
|2 1997
|
| 080 |
|
|
|a 615.23
|2 1997
|
| 100 |
1 |
|
|a Huttová, Mária,
|d 1933-
|4 aut
|9 118461
|
| 245 |
1 |
0 |
|a Súčasné trendy liečby novorodencov surfaktantom
|c Mária Huttová
|
| 300 |
|
|
|b Obr., tab.
|
| 504 |
|
|
|a Res. angl., slov.
|
| 504 |
|
|
|a Bibliogr. odkazy
|
| 650 |
0 |
7 |
|a syndróm hyalínových membrán
|2 snkbucl
|9 1382829
|
| 650 |
0 |
7 |
|a pľúcny surfaktant
|2 snkbucl
|9 16317
|
| 650 |
0 |
7 |
|a novorodenci
|2 snkbucl
|9 1225
|
| 655 |
|
7 |
|a články z novín a časopisov
|2 snkbucl
|9 267496
|
| 773 |
0 |
|
|t Detský lekár
|g Roč. 5, č. 2 (1998), s. 32-37
|x 1335-0838
|
| 850 |
|
|
|a Slovenská národná knižnica
|
| 852 |
|
|
|a Slovenská národná knižnica
|
| 954 |
|
|
|a odborná, vedecká literatúra pôvodná (slovenská)
|2 lita
|
| 958 |
|
|
|a article27
|
| 958 |
|
|
|a NB
|
| 958 |
|
|
|a OND
|
| 958 |
|
|
|a EUIPO
|
| 992 |
|
|
|a RBX
|
| 999 |
|
|
|c 2813812
|d 2815742
|